Normal view
MARC view
- Political corruption
Entry Topical Term
001 - CONTROL NUMBER
- control field: 106609
003 - CONTROL NUMBER IDENTIFIER
- control field: NUST
005 - DATE AND TIME OF LATEST TRANSACTION
- control field: 20230102125113.0
008 - FIXED-LENGTH DATA ELEMENTS
- fixed length control field: 230102|| aca||aabn | a|a d
040 ## - CATALOGING SOURCE
- Original cataloging agency: NUST
- Transcribing agency: NUST
150 ## - HEADING--TOPICAL TERM
- Topical term or geographic name entry element: Political corruption
- General subdivision: Prevention
670 ## - SOURCE DATA FOUND
- Source citation: Work cat.: (NUST)0: Hough, Dan, author. 106608, Corruption, anti-corruption and governance /
